Statistics for Famous Johnsons

Click here to take the quiz!

General Stats

  • This quiz has been taken 132 times
  • The average score is 8 of 20

Answer Stats

HintAnswer% Correct
The RockDwayne
74%
36th US PresidentLyndon
71%
Miami ViceDon
68%
17th US PresidentAndrew
67%
Wife of 36th US PresidentLady Bird
58%
Great Laker guardMagic
58%
Founded restaurant and hotel chain bearing his nameHoward
56%
Coached the Cowboys to two Super Bowl winsJimmy
46%
Canadian sprinter busted for steriodsBen
42%
The Big UnitRandy
41%
MegatronCalvin
38%
400m world record sprinterMichael
35%
First african american heavyweight champJack
28%
"Very interesting ..."Arte
26%
AC/DC vocalistBrian
24%
Managed the Orioles and Nationals, among othersDavey
21%
Just give him the damn ballKeyshawn
11%
... but you doesn't hasta call him JohnsonRay
11%
1960 olympic decathlon winnerRafer
9%
BET founderRobert
5%

Score Distribution

Percentile by Number Answered

Percent of People with Each Score

Your Score History

You have not taken this quiz